क्या पाकिस्तान जिन्दा रहेगा (Record no. 118061)

MARC details
000 -LEADER
fixed length control field 00792nam a2200253Ia 4500
003 - CONTROL NUMBER IDENTIFIER
control field OSt
005 - DATE AND TIME OF LATEST TRANSACTION
control field 20220918112037.0
008 - FIXED-LENGTH DATA ELEMENTS--GENERAL INFORMATION
fixed length control field 220915b |||||||| |||| 00| 0 hin d
037 ## - SOURCE OF ACQUISITION
Terms of availability Textbook
040 ## - CATALOGING SOURCE
Language of cataloging hin
Original cataloging agency ARTS
Transcribing agency ARTS
041 ## - LANGUAGE CODE
Language code of text/sound track or separate title hin
100 ## - MAIN ENTRY--PERSONAL NAME
Personal name अख्तर, जमुनादास
9 (RLIN) 1722
245 #0 - TITLE STATEMENT
Title क्या पाकिस्तान जिन्दा रहेगा
246 ## - VARYING FORM OF TITLE
Title proper/short title Kyā pākistān jindā rahegā
250 ## - EDITION STATEMENT
Edition statement संस्क0 2
260 ## - PUBLICATION, DISTRIBUTION, ETC.
Place of publication, distribution, etc. लखनऊ
Name of publisher, distributor, etc. नवभरत
Date of publication, distribution, etc. 1972
300 ## - PHYSICAL DESCRIPTION
Extent 109
Dimensions cm.
942 ## - ADDED ENTRY ELEMENTS (KOHA)
Classification part V44Q7.N7, 152L2
Koha item type Textbook
Source of classification or shelving scheme Colon Classification (CC)

No items available.

Copyright @ Delhi University Library System